The ageing and development report : (Record no. 2193)
[ view plain ]
| 000 -LEADER | |
|---|---|
| fixed length control field | 01443nac a22003251u 4500 |
| 010 ## - LIBRARY OF CONGRESS CONTROL NUMBER | |
| LC control number | 2002727053 |
| 020 ## - INTERNATIONAL STANDARD BOOK NUMBER | |
| International Standard Book Number | 1853836486 |
| 035 ## - SYSTEM CONTROL NUMBER | |
| System control number | (OCoLC)ocm43000491 |
| 082 04 - DEWEY DECIMAL CLASSIFICATION NUMBER | |
| Classification number | 305.26091724 |
| 090 ## - LOCALLY ASSIGNED LC-TYPE CALL NUMBER (OCLC); LOCAL CALL NUMBER (OCLC) | |
| -- | 2193 |
| -- | 2193 |
| 100 ## - MAIN ENTRY--PERSONAL NAME | |
| Personal name | 20080729 |
| 245 04 - TITLE STATEMENT | |
| Title | The ageing and development report : |
| Remainder of title | poverty, independence, and the world's older people / |
| Statement of responsibility, etc | HelpAge International ; edited by Judith Randel, Tony German, and Deborah Ewing. |
| 246 3# - VARYING FORM OF TITLE | |
| Title proper/short title | Aging and development report. |
| 246 3# - VARYING FORM OF TITLE | |
| Title proper/short title | Ageing & development report. |
| 260 ## - PUBLICATION, DISTRIBUTION, ETC. (IMPRINT) | |
| Place of publication, distribution, etc | London : |
| Name of publisher, distributor, etc | Earthscan Publications,1999 |
| Date of publication, distribution, etc | 1999. |
| 300 ## - PHYSICAL DESCRIPTION | |
| Extent | xvi, 200 p. : |
| Other physical details | ill. (some col.) ; |
| Dimensions | 24 cm. |
| 504 ## - BIBLIOGRAPHY, ETC. NOTE | |
| Bibliography, etc | Includes bibliographical references. |
| 650 #0 - SUBJECT ADDED ENTRY--TOPICAL TERM | |
| Topical term or geographic name as entry element | Elderly poor |
| Geographic subdivision | Developing countries. |
| 650 #0 - SUBJECT ADDED ENTRY--TOPICAL TERM | |
| Topical term or geographic name as entry element | Older people |
| Geographic subdivision | Developing countries |
| General subdivision | Social conditions. |
| 650 #0 - SUBJECT ADDED ENTRY--TOPICAL TERM | |
| Topical term or geographic name as entry element | Older people |
| Geographic subdivision | Developing countries |
| General subdivision | Economic conditions. |
| 650 #0 - SUBJECT ADDED ENTRY--TOPICAL TERM | |
| Topical term or geographic name as entry element | Aging |
| General subdivision | Social aspects |
| Geographic subdivision | Developing countries. |
| 650 #0 - SUBJECT ADDED ENTRY--TOPICAL TERM | |
| Topical term or geographic name as entry element | Old age assistance |
| Geographic subdivision | Developing countries. |
| 700 1# - ADDED ENTRY--PERSONAL NAME | |
| Personal name | Randel, Judith. |
| 700 1# - ADDED ENTRY--PERSONAL NAME | |
| Personal name | German, Tony. |
| 700 1# - ADDED ENTRY--PERSONAL NAME | |
| Personal name | Ewing, Deborah. |
| 710 2# - ADDED ENTRY--CORPORATE NAME | |
| Corporate name or jurisdiction name as entry element | HelpAge International. |
| 856 41 - ELECTRONIC LOCATION AND ACCESS | |
| Materials specified | Table of contents |
| Uniform Resource Identifier | <a href="http://www.loc.gov/catdir/toc/fy034/2002727053.html">http://www.loc.gov/catdir/toc/fy034/2002727053.html</a> |
| 942 ## - ADDED ENTRY ELEMENTS (KOHA) | |
| Item type | Book - Borrowing |
| Call number prefix | 305.26091724 |
| Withdrawn status | Item status | Damaged status | Not for loan | Home library | Current library | Shelving location | Date acquired | Source of acquisition | Total Checkouts | Total Renewals | Full call number | Barcode | Date last seen | Date last borrowed | Cost, replacement price | Koha item type |
|---|---|---|---|---|---|---|---|---|---|---|---|---|---|---|---|---|
| Central Library | Central Library | First floor | 07/02/2012 | Purchase | 6 | 2 | 305.26091724 AGE | 000002102 | 15/07/2025 | 17/11/2015 | 112.00 | Book - Borrowing |